Précis d'hygiène à l'usage des maîtres de l'enseignement ... (Record no. 38558)

MARC details
000 -LEADER
fixed length control field 00643cam a22002291 4500
001 - CONTROL NUMBER
control field med47002286
003 - CONTROL NUMBER IDENTIFIER
control field DLC
005 - DATE AND TIME OF LATEST TRANSACTION
control field 20260227111605.0
008 - FIXED-LENGTH DATA ELEMENTS--GENERAL INFORMATION
fixed length control field 810815s1944 xx a 000 0 fre
010 ## - LIBRARY OF CONGRESS CONTROL NUMBER
LC control number med47002286
035 ## - SYSTEM CONTROL NUMBER
System control number (OCoLC)14741737
040 ## - CATALOGING SOURCE
Original cataloging agency DLC
Transcribing agency DNLM
Modifying agency DLC
042 ## - AUTHENTICATION CODE
Authentication code premarc
050 00 - LIBRARY OF CONGRESS CALL NUMBER
Classification number RA425
Item number .M34
060 0# - NATIONAL LIBRARY OF MEDICINE CALL NUMBER
Classification number WA 350
Item number M197p 1944
100 1# - MAIN ENTRY--PERSONAL NAME
Personal name Magnin, Henri.
245 10 - TITLE STATEMENT
Title Précis d'hygiène à l'usage des maîtres de l'enseignement ...
250 ## - EDITION STATEMENT
Edition statement 2. éd.
260 ## - PUBLICATION, DISTRIBUTION, ETC.
Place of publication, distribution, etc. Chambéry,
Name of publisher, distributor, etc. Maison d'édition des primaires,
Date of publication, distribution, etc. 1944.
300 ## - PHYSICAL DESCRIPTION
Extent 224 p.
Other physical details ill.
490 0# - SERIES STATEMENT
Series statement Bibliothèque pédagogique
Volume/sequential designation Prima. 3

No items available.

Powered by Koha